Regionálne aspekty a súvislosti medzinárodnopolitického vývoja Afganistanu

Uložené v:
Podrobná bibliografia
Hlavný autor: Čech, Ľubomír, 1955-
Korporativný autor: Ekonomická univerzita v Bratislave. Fakulta medzinárodných vzťahov
Ďalší autori: Juza, Peter, Škvrnda, František
Médium: Kniha
Jazyk:Slovak
Vydavateľské údaje: Bratislava Vydavateľstvo EKONÓM 2011
Vydanie:1. vyd.
Predmet:
Tagy: Pridať tag
Žiadne tagy, Buďte prvý, kto otaguje tento záznam!

MARC

LEADER 00000nam a2200000 4500
001 0144786
005 20240502072610.0
020 |a 978-80-225-3281-5 
041 0 |a slo 
044 |a SK 
245 1 0 |a Regionálne aspekty a súvislosti medzinárodnopolitického vývoja Afganistanu  |c Ľubomír Čech 
250 |a 1. vyd. 
264 1 |a Bratislava  |b Vydavateľstvo EKONÓM  |c 2011 
300 |a 175 s. [12,305 AH] 
610 2 0 |a vzťahy politické medzinárodné 
610 2 0 |a vývoj hospodársky 
610 2 0 |a vývoj politický 
610 2 0 |a politika regionálna 
610 2 0 |a Afganistan 
100 1 |a Čech, Ľubomír, 1955- 
700 1 |a Juza, Peter 
700 1 |a Škvrnda, František 
710 2 |a Ekonomická univerzita v Bratislave. Fakulta medzinárodných vzťahov